[Event "Fajr op 13th"]
[Site "Tehran"]
[Date "2005.01.28"]
[Round "2"]
[White "Samimi, Sohrab"]
[Black "Moradiabadi, Elshan"]
[Result "0-1"]
[WhiteElo "2146"]
[BlackElo "2439"]
[PlyCount "144"]
[EventDate "2005.01.04"]
[EventType "swiss"]
[EventRounds "9"]
[EventCountry "IRI"]
[SourceTitle "CBM 104 Extra"]
[Source "ChessBase"]
[SourceDate "2005.03.01"]
[SourceVersion "1"]
[SourceVersionDate "2005.03.01"]
[SourceQuality "1"]

1. d4 Nf6 2. c4 e6 3. Nc3 Bb4 4. Qc2 0-0 5. e4 d6 6. Bd3 Nc6 7. Nge2 e5 8. dxe5 Nxe5 9. 0-0 Nfg4 10. h3 Nxd3 11. Qxd3 Ne5 12. Qc2 a5 13. Nd5 f5 14. Be3 b6 15. Nd4 fxe4 16. Qxe4 Bd7 17. a3 Bc5 18. b4 Bxd4 19. Qxd4 Bxh3 20. f4 Nc6 21. Qc3 Be6 22. b5 Ne7 23. Bd4 Nf5 24. Ne3 Nxe3 25. Bxe3 Qd7 26. Bd4 Rae8 27. Rac1 Qf7 28. Qg3 Re7 29. Rf2 Bf5 30. Bb2 Rfe8 31. Qg5 Re6 32. Bd4 Rg6 33. Qh4 Rg4 34. Qh3 Re4 35. Qc3 Rgxf4 36. Rcf1 Rxf2 37. Rxf2 Qg6 38. Qd2 h6 39. Bb2 Be6 40. c5 Bc4 41. cxb6 cxb6 42. a4 Rh4 43. Rf4 Qg5 44. Rd4 Rxd4 45. Qxd4 Qc5 46. Kh2 Qxd4 47. Bxd4 Bb3 48. Bxb6 Bxa4 49. Bc7 Bxb5 50. Bxd6 Kf7 51. g3 a4 52. Kg2 g5 53. g4 Kg6 54. Kg3 Be2 55. Bf8 Bd1 56. Be7 Kf7 57. Ba3 Ke6 58. Bf8 h5 59. gxh5 Bxh5 60. Ba3 Kd5 61. Be7 g4 62. Kh4 Ke4 63. Kg3 Kd3 64. Kh4 Kd4 65. Ba3 Kd5 66. Bf8 Ke4 67. Kg3 Ke5 68. Ba3 Kd4 69. Bd6 Kd5 70. Ba3 Kc4 71. Bd6 Kb3 72. Kh4 a3 0-1